| 000 | 01313nam a22003615i 4500 | ||
|---|---|---|---|
| 999 |
_c28173 _d28144 |
||
| 001 | 016279210 | ||
| 003 | EG-ScBUE | ||
| 005 | 20200224102310.0 | ||
| 008 | 130213t20132013si a f b 001 0 eng d | ||
| 020 | _a9781118324028 (paperback) | ||
| 020 | _a1118324021 (paperback) | ||
| 040 |
_aSISPL _beng _erda _cSISPL _dSISPL _dYDXCP _dCQ _dUk _dEG-ScBUE |
||
| 082 | 0 | 4 |
_a658 _bSCH _222 |
| 100 | 1 |
_aSchermerhorn, John R., _eauthor. |
|
| 245 | 1 | 0 |
_aIntroduction to management / _cJohn R. Schermerhorn, Jr. |
| 250 | _aTwelfth edition. | ||
| 250 | _aInternational student version. | ||
| 264 | 1 |
_a[Singapore] : _bJohn Wiley & Sons Singapore, _c[2013] |
|
| 264 | 4 | _cc2013 | |
| 300 |
_a1 volume (various pagings) : _billustrations (black and white, and colour) ; _c28 cm |
||
| 336 |
_atext _btxt _2rdacontent |
||
| 337 |
_aunmediated _bn _2rdamedia |
||
| 338 |
_avolume _bnc _2rdacarrier |
||
| 500 | _aRevision of the eleventh edition published in 2011. | ||
| 500 | _aIncludes glossary. | ||
| 504 | _aIncludes bibliographical references and index. | ||
| 650 | 7 |
_aManagement _vTexts. _2BUEsh |
|
| 650 | 7 |
_aManagement _vCases. _2BUEsh |
|
| 653 |
_bCOMAME _cFebruary2020 |
||
| 655 |
_vText book _933728 |
||
| 856 | 4 | 2 |
_3Interactive resources _uhttps://www.wiley.com/en-us/search?pq=schermerhorn%7Crelevance |
| 942 |
_2ddc _cBB |
||